000 01551nam a2200313Ia 4500
000 nam a22 i 4500
001 UNACH-7338
007 ta
008 221212s ||||fr|||| 00| | spa d
020 _a978-6-07-768612-5
041 0 _aspa
082 0 4 _a070.4
_bPeriodismo
100 1 _aLópez Hidalgo, Antonio,
_eautor
245 1 0 _aEl titular :
_bManual de titulación periodística.
264 3 1 _aMéxico :
_bAlfaomega Grupo Editor S.A,
_c2009
300 _a199 páginas
336 _atexto
_btxt
_2rdacontent
337 _ano mediado
_bn
_2rdamedia
338 _avolumen
_bnc
_2rdacarrier
504 _aIncluye Contenido, Referencias biblográficas
505 0 _aEl titular.-- El titular en la prensa, en sus ediciones digitales y en los medios audiovisuales 57.-- Un titular para cada género periodístico.-- Títulos con trampa, títulos con gracia
520 3 _aEl Titular. A lo largo de las páginas que integran este volumen se estudia el uso de los titulares en cada uno de los géneros periodísticos contemporáneos; la adaptación del titular a los formatos periodísticos actuales: prensa, televisión, radio y los nuevos soportes digitales; se exponen las diferentes tipologías de titulares; los problemas que condicionan su uso; los elementos que integran y configuran la titulación de un texto periodístico y la función que cumplen cada uno de ellos.
650 1 4 _aPRENSA
650 2 4 _aMEDIOS DE COMUNICACIÓN DE MASAS
650 2 4 _aSISTEMATIZACIÓN
653 0 _aPeriodismo.
942 _2ddc
_c1
_n0
999 _c5936
_d5936